Distribution par images - Les Fourberies de Scapin - Statistiques

Statistiques générales
  • Ce quiz a été pris 11 fois
  • Le résultat moyen est 4 sur 9
Statistiques - réponses
Par images Hint Réponse % Correct
Géronte Michel Galabru
100%
Argante Jean-Pierre Darras
63%
Sylvestre Maurice Risch
63%
Hyacinthe Fanny Cottençon
50%
Scapin Roger Coggio
50%
Zerbinette Cécile Paoli
25%
Carle Jean Corso
25%
Octave Pierre-François Pistorio
25%
Léandre Vicente Cortes
25%
Aucun quiz correspondant
Distribution des résultats
% des personnes avec chaque résultat
Percentile par nombre de réponses
Votre historique - résultats
Vous n’avez pas pris ce quiz